The Theory and Application of Microeconomics in Companies, especially in the Field of Private Medicine, as well as the Interfaces to Artificial Intelligence

Rozbor účinkov používania umelej inteligencie v sektore zdravotnej starostlivosti so zameraním na mikroekonomické a sociálne aspekty.

Enregistré dans:
Détails bibliographiques
Auteur principal: Tetik, Murat, 1972-
Autres auteurs: Markovič, Peter, 1974-
Format: Chapitre de livre
Langue:anglais
Sujets:
Tags: Ajouter un tag
Pas de tags, Soyez le premier à ajouter un tag!

MARC

LEADER 00000naa$a2200000$$$4500
001 0311596
005 20250715105814.0
041 0 |a eng 
044 |a SK 
245 1 0 |a The Theory and Application of Microeconomics in Companies, especially in the Field of Private Medicine, as well as the Interfaces to Artificial Intelligence  |c Murat Tetik, Peter Markovič 
520 |a Rozbor účinkov používania umelej inteligencie v sektore zdravotnej starostlivosti so zameraním na mikroekonomické a sociálne aspekty. 
610 2 0 |a inteligencia umelá 
610 2 0 |a náklady 
610 2 0 |a výnosy 
610 2 0 |a analýza nákladov a výnosov 
610 2 0 |a starostlivosť zdravotná 
610 2 0 |a trh 
100 1 |a Tetik, Murat, 1972- 
700 1 |a Markovič, Peter, 1974-